1.FC Union Berlin Squad 2025-2026 - Statistics

General Stats
  • This quiz has been taken 98 times
    87 since last reset
  • The average score is 20 of 29
Answer Stats
# Position Nation Player % Correct
1 GK Denmark Frederik Rønnow
94%
5 DF Netherlands Danilho Doekhi
91%
4 DF Portugal Diogo Leite
90%
28 DF Austria Christopher Trimmel
87%
7 FW Scotland Oliver Burke
87%
- Coach Germany Steffen Baumgart
83%
23 FW Serbia Andrej Ilić
81%
13 MF Hungary András Schäfer
80%
8 MF Tunisia Rani Khedira
80%
18 DF Croatia Josip Juranović
78%
14 DF Austria Leopold Querfeld
78%
6 MF Germany Aljoscha Kemlein
75%
11 MF South Korea Woo-yeong Jeong
75%
10 FW Germany Ilyas Ansah
74%
33 MF Czech Republic Alex Král
71%
15 MF Germany Tom Rothe
68%
19 MF Germany Janik Haberer
67%
34 DF France Stanley Nsoki
65%
39 DF Germany Derrick Köhn
64%
9 FW Turkey Livan Burcu
62%
21 FW Germany Tim Skarke
62%
27 FW Croatia Marin Ljubičić
54%
31 GK Germany Matheo Raab
48%
24 MF Denmark Robert Skov
46%
17 FW Germany David Preu
42%
3 DF Germany Andrik Markgraf
39%
30 FW Ukraine Dmytro Bogdanov
39%
41 DF Germany Oluwaseun Ogbemudia
39%
25 GK Germany Carl Klaus
35%
No matching quizzes found
Score Distribution
Percent of People with Each Score
Percentile by Number Answered
Your Score History
You have not taken this quiz since the last reset